00505nam a2200157Ia 4500008004100000100002100041245011800062260001100180300002100191440004200212521000800254650002300262650001800285650002500303650001900328140626s9999 xx 000 0 und d aYang, Chiu-Yueh. aPredictors of sleep quality in community-dwelling older adults in Northern Taiwan /cChiu-Yueh Yang ... [et al.]. cc2013. a21 : 4, page 249 aThe Journal of Nursing Research (JNR) aNUR aFunctional status. aOlder people. aSedentary lifestyle. aSleep quality.